LIBRARY & INFORMATION CENTRE, KCAET, TAVANUR

ONLINE PUBLIC ACCESS CATALOGUE (OPAC)

Soil survey manual (Record no. 6933)

MARC details
000 -LEADER
fixed length control field 00298cam a2200121ua 4500
003 - CONTROL NUMBER IDENTIFIER
control field OSt
008 - FIXED-LENGTH DATA ELEMENTS--GENERAL INFORMATION
fixed length control field 180914b ||||| |||| 00| 0 eng d
082 ## - DEWEY DECIMAL CLASSIFICATION NUMBER
Classification number 631.47
Item number OXF/SO
245 ## - TITLE STATEMENT
Title Soil survey manual
260 ## - PUBLICATION, DISTRIBUTION, ETC. (IMPRINT)
Place of publication New Delhi :
Name of publisher Oxford & IBH Book Company ,
Year of publication 1966.
300 ## - PHYSICAL DESCRIPTION
Number of Pages 503 ; .
942 ## - ADDED ENTRY ELEMENTS (KOHA)
Koha item type Books
Holdings
Withdrawn status Lost status Damaged status Home library Current library Date acquired Full call number Accession Number Koha item type Shelving location
      KAUAET KAUAET 07/04/2012 631.47 OXF/SO 18649 Reference  
      KAUAET KAUAET 02/09/1986 631.47 OXF/SO 15601 Books  
      KAUAET KAUAET 07/04/2012 631.47 OXF/SO 14674 Books  
      KAUAET KAUAET 07/04/2012 631.47 OXF/SO 18464 Book Bank scheme for SC students Scheme
      KAUAET KAUAET 07/04/2012 631.47 OXF/SO G1 Reference  
free website counter